All the Geography I know By Letter-X - Statistics

General Stats
  • This quiz has been taken 33 times
  • The average score is 3 of 5
Answer Stats
Hint Answer % Correct
City in China Xian
94%
City in China Xiamen
79%
Region of China with a group of Turks Xinjiang
48%
City in Ohio Xenia
33%
City in Mozambique Xai Xai
24%
No matching quizzes found
Score Distribution
Percent of People with Each Score
Percentile by Number Answered
Your Score History
You have not taken this quiz